000 01501nam a22003255i 4500
001 48564
003 ES-MaACL
005 20250804062734.0
007 t|
008 941129q1877 sp ||||1| spa d
040 _aCLM
_bspa
080 _a1(081) Descartes, René
080 _a1 Descartes, René
100 1 _aDescartes, René,
_943838
_d1596-1650
_eaut
245 1 0 _aObras filosóficas de Descartes /
_cvertidas al castellano y precedidas de una introducción por Manuel de la Revilla.
260 _aMadrid :
_bBiblioteca Perojo,
_c[ca. 1877]
300 _a2 volúmenes ;
_c21 cm.
490 1 _aColección de filósofos modernos ;
_v1-2
505 8 _aVol. I. Discurso del método; Meditaciones metafísicas; Los principios de la filosofía; Las pasiones del alma - v. II. Objeciones a las meditaciones metafísicas; Respuestas de Descartes a las objeciones
530 _aDisponible en formato digital
534 _pTraducción de: Oeuvres philosophiques
650 7 _aFilosofía
_2embne
_912802
700 1 _aRevilla, Manuel de la,
_d1846-1881
_996432
_eaui
830 0 _aColección de filósofos modernos ;
_v1-2
_9230070
852 _aES-MaACL
_cSVI
_gFirma autógrafa de Antonio Aura Boronat, Madrid marzo 1878
_hDonativo de Antonio Aura Boronat
_jD-4996-97
856 _uhttps://bdh-rd.bne.es/viewer.vm?id=0000292561&page=1
_yVersión en línea
_z(Biblioteca Digital Hispánica)
942 _2udc
_cMONANT
_n0
999 _c48564
_d48564